Score 0/25 Timer 08:00
10 Plays Today
% Correct
Princess Diana in Egypt in 1992
96.9%
Queen Elizabeth II and Prince Philip in China in 1986
93.4%
King George V and Queen Mary in India in 1911
92.4%
Queen Elizabeth II and Prince Philip in Ireland in 2011
92.3%
Prince Harry in Australia in 2013
88.8%
Prince Charles in Saudi Arabia in 2014
88.4%
Princess Diana in the United States in 1985
87.9%
Princess Diana in Italy in 1995
84.9%
Prince Harry in Jamaica in 2012
82.3%
Prince Charles in Japan in 2008
81.4%
Prince Harry in Afghanistan in 2008
80.2%
King George VI and the Queen Mother in Canada in 1939
77.9%
King George V in France in 1916
69.4%
% Correct
Prince Harry in Brazil in 2012
68.9%
Prince William and Kate in Malaysia in 2012
59.3%
Princess Diana in Pakistan in 1991
49.6%
Queen Elizabeth II in Zimbabwe in 1991
46.9%
Prince Charles in Sri Lanka in 2013
45.9%
Prince William in New Zealand in 2010
39.6%
Prince Charles in Papua New Guinea in 2012
33.7%
Queen Elizabeth II in Estonia in 2006
28.1%
Prince William in Lesotho in 2010
22.9%
Queen Elizabeth II and Prince Philip in Ethiopia in 1965
17.1%
King George VI in Tunisia in 1943
14.3%
Prince William and Kate in Solomon Islands in 2012
12%
Remove Ads.
Support Sporcle.
Get the best of Sporcle when you Go Orange. This ad-free experience offers more features, more stats, and more fun while also helping to support Sporcle. Thank you for becoming a member.

You're not logged in!

Compare scores with friends on all Sporcle quizzes.
OR
Log In

Show Comments

Extras

Top Quizzes Today


Score Distribution

Your Account Isn't Verified!

In order to create a playlist on Sporcle, you need to verify the email address you used during registration. Go to your Sporcle Settings to finish the process.

Report this User

Report this user for behavior that violates our Community Guidelines.

Details: